Jackie Robinson : (Record no. 2330)

MARC details
000 -LEADER
fixed length control field 00826cam a2200241 i 4500
005 - DATE AND TIME OF LATEST TRANSACTION
control field 20241206143225.0
020 ## - INTERNATIONAL STANDARD BOOK NUMBER
International Standard Book Number 9780545569156
020 ## - INTERNATIONAL STANDARD BOOK NUMBER
International Standard Book Number 9780545540063
040 ## - CATALOGING SOURCE
Original cataloging agency DLC
Language of cataloging eng
Transcribing agency DLC
Description conventions rda
Modifying agency DLC
050 00 - LIBRARY OF CONGRESS CALL NUMBER
Classification number GV865.R6
Item number R593 2013
082 00 - DEWEY DECIMAL CLASSIFICATION NUMBER
Classification number 796.357092
-- B
Edition number 23
100 1# - MAIN ENTRY--PERSONAL NAME
Personal name Robinson, Sharon
Dates associated with a name 1950-
245 10 - TITLE STATEMENT
Title Jackie Robinson :
Remainder of title American hero /
Statement of responsibility, etc. by Sharon Robinson.
250 ## - EDITION STATEMENT
Edition statement First printing, January 2013
260 ## - PUBLICATION, DISTRIBUTION, ETC.
Place of publication, distribution, etc. New York :
Name of publisher, distributor, etc. Scholastic,
Date of publication, distribution, etc. 2013
300 ## - PHYSICAL DESCRIPTION
Extent 48 pages :
Other physical details illustrations
Dimensions 24 cm
520 ## - SUMMARY, ETC.
Summary, etc. The life and career of Jackie Robinson.
650 #0 - SUBJECT ADDED ENTRY--TOPICAL TERM
Topical term or geographic name entry element Baseball players
Geographic subdivision United States
Form subdivision Biography
-- Juvenile literature.
650 #0 - SUBJECT ADDED ENTRY--TOPICAL TERM
Topical term or geographic name entry element African American baseball players
Form subdivision Biography
-- Juvenile literature.
906 ## - LOCAL DATA ELEMENT F, LDF (RLIN)
a 7
b cbc
c orignew
d 1
e ecip
f 20
g y-gencatlg
942 ## - ADDED ENTRY ELEMENTS (KOHA)
Source of classification or shelving scheme Dewey Decimal Classification
Koha item type Books
Suppress in OPAC No
999 ## -
-- 2330
-- 2330
Holdings
Withdrawn status Lost status Source of classification or shelving scheme Damaged status Not for loan Collection Home library Current library Shelving location Date acquired Total Checkouts Full call number Barcode Date last seen Copy number Price effective from Koha item type
    Dewey Decimal Classification     Non-Fiction Footprints International School Library Network Toul Kork Campus Footprints International School Library Network Toul Kork Campus A TK Campus, 4th Floor, Room B401, Non-Fiction Bookcases(7-8) 11/17/2023   ROB 796.357092 GV865.R6 FISTK01718 11/17/2023 1 11/17/2023 Books
    Dewey Decimal Classification     Non-Fiction Footprints International School Library Network Toul Kork Campus Footprints International School Library Network Toul Kork Campus A TK Campus, 4th Floor, Room B401, Non-Fiction Bookcases(7-8) 12/06/2024   ROB 796.357092 GV865.R6 2024-2417 12/06/2024 3 12/06/2024 Books
    Dewey Decimal Classification     Non-Fiction Footprints International School Library Network Toul Kork Campus Footprints International School Library Network Toul Kork Campus A TK Campus, 4th Floor, Room B401, Non-Fiction Bookcases(7-8) 12/12/2024   ROB 796.357092 GV865.R6 2024-2439 12/12/2024 4 12/12/2024 Books
    Dewey Decimal Classification     Non-Fiction Footprints International School Library Network Toul Kork Campus Footprints International School Library Network Toul Kork Campus A TK Campus, 4th Floor, Room B401, Non-Fiction Bookcases(7-8) 04/21/2025   ROB 796.357092 GV865.R6 2025-1065 04/21/2025 5 04/21/2025 Books
    Dewey Decimal Classification     Non-Fiction Footprints International School Library Network Toul Tom Poung Campus Footprints International School Library Network Toul Tom Poung Campus TTP Secondary Non-Fiction Bookshelves 11/17/2023   ROB 796.357092 GV865.R6 FIS01273 03/13/2024 2 11/17/2023 Books